000 00582nam a22001937a 4500
999 _c7710
_d7710
003 OSt
005 20220218142123.0
008 220218b ||||| |||| 00| 0 eng d
020 _a9789970250004
040 _cDDC
082 _a931.93 SAD 2010
100 _aSadig,Azhari Mustafa
_913991
245 _aThe Neolithic of the middle Nile Region
_b: an archaeology of Central Sudan and Nubia
260 _aUganda
_b: Fountain publishers
_c, C 2010
300 _axvii,244p.
_b: ill.
_c; 25 cm
504 _aBibliography Index
650 _aArchaeology Nubia
_915745
942 _2ddc
_cBOOK